[Event "5th Cesme Open 2017"]
[Site "Cesme"]
[Date "2017.06.15"]
[Round "6.14"]
[White "Rzayev, Bahruz"]
[Black "Ozsakallioglu, Akin"]
[Result "1-0"]
[WhiteElo "2392"]
[BlackElo "1692"]
[Annotator "TA"]
[PlyCount "59"]
[EventType "swiss"]
[EventCountry "TUR"]
[SourceTitle "playchess.com"]
[Source "ChessBase"]
[SourceQuality "1"]

{[%evp 20,59,44,20,65,72,90,83,70,85,101,90,75,101,76,83,136,134,133,124,168,175,282,273,293,335,529,529,521,520,515,513,583,581,1236,1222,2594,5111,5419,5319,5816,5804]} 1. e4 c5 2. Nf3 e6 3. d4 cxd4 4. Nxd4 Nc6 5. Nc3 Nf6 6. Ndb5 Bb4 7. a3 Bxc3+ 8. Nxc3 d5 9. exd5 Nxd5 10. Bd2 O-O 11. Bd3 {LiveBook: 15 Games} Nxc3 {B45: Sicilian Four Knights} (11... Qh4 12. g3 Qh3 13. Qe2 Nxc3 14. Bxc3 e5 15. O-O-O Bf5 16. Bxf5 Qxf5 17. Rd5 Rad8 18. Rhd1 Rxd5 19. Rxd5 {1-0 (62) Navara,D (2734)-Safarli,E (2657) Berlin 2015}) 12. Bxc3 e5 13. Qh5 {[%csl Gd3][%cal Rh5h7] [#]} g6 {White is better.} 14. Qh6 Qf6 15. O-O $40 {[%cal Bh1f1,Bf1f3,Bf3d3,Bd3d6][%mdl 160] White goes for the king.} Bf5 $146 ({Predecessor:} 15... Qg7 16. Qe3 g5 17. h4 h6 18. hxg5 hxg5 {1-0 (51) Tal,M-Liberzon,V Kislovodsk 1964}) 16. Bxf5 Qxf5 17. f4 {[%cal Bf2f4,Bf4e5,Be5d6][%mdl 32] Strongly threatening fxe5.} Qe6 {[#]} ({Black should try} 17... Qg4) 18. Rf3 $1 $16 {[%cal Rf3h3]} f5 19. fxe5 Rae8 20. Rd3 Rd8 (20... Qf7 {is a better defense.}) 21. Rd6 $1 $18 {[%cal Rd6e6]} Rxd6 22. exd6 {[%csl Gc3][%cal Rh6g7]} Qd7 (22... Qf7 $142 23. Re1 Ra8) 23. Re1 {White is clearly winning.} Rf7 24. Qd2 Kf8 25. b4 b5 26. Bb2 a6 27. Qc3 {[%cal Rc3h8]} Rg7 28. Qxg7+ Qxg7 29. Bxg7+ Kxg7 30. d7 {Precision: White = 94%, Black = 24%.} 1-0

[Event "5th Cesme Open 2017"]
[Site "Cesme"]
[Date "2017.06.15"]
[Round "6.15"]
[White "Benidze, Davit"]
[Black "Severcan, Sedat Sabri"]
[Result "1-0"]
[WhiteElo "2525"]
[BlackElo "1915"]
[Annotator "TA"]
[PlyCount "101"]
[EventType "swiss"]
[EventCountry "TUR"]
[SourceTitle "playchess.com"]
[Source "ChessBase"]
[SourceQuality "1"]

{[%evp 16,101,-22,-17,15,24,48,0,40,46,52,33,46,29,75,75,73,58,59,57,60,54,62,62,85,68,73,45,50,50,55,38,138,141,141,141,145,145,145,142,141,67,78,39,124,129,316,312,472,465,472,464,457,470,464,464,456,451,526,518,633,635,635,627,624,617,564,564,646,645,660,543,993,964,944,895,903,920,5338,5077,2805,2535,29980,29979,29981,29982,29982,29983]} 1. Nf3 d5 2. g3 Nf6 3. Bg2 g6 4. O-O Bg7 5. d3 O-O 6. Nbd2 c5 7. e4 Nc6 8. Re1 dxe4 9. dxe4 Bg4 {A08: King's Indian Attack} 10. h3 Bxf3 11. Bxf3 (11. Qxf3 Nd4 12. Qd1 e5 13. c3 Ne6 14. Nc4 Qc7 15. Qd6 Ne8 16. Qxc7 N8xc7 {1-0 (44) Onischuk,V (2601)-Bortnyk,M (2428) Lutsk 2017}) 11... e5 {The position is equal.} 12. c3 Qd7 $146 ({Predecessor:} 12... Qc7 13. Qc2 Rad8 14. Nf1 Rd7 15. Be3 b6 16. Rad1 Rfd8 17. Rxd7 Rxd7 {1-0 (43) Leniz Martinez,F (1690)-Benito Alba,E (1567) Madrid 2016}) 13. Bg2 {[%cal Bf3g2,Bg2f1,Bf1b5][%mdl 32]} Rad8 14. Qe2 Qd3 15. Qxd3 Rxd3 16. Nb3 (16. Bf1 $5 {[%cal Rf1d3]} Rd6 17. Nc4 $14) 16... b6 17. Bf1 Rd6 18. a4 Rfd8 19. a5 h6 20. axb6 axb6 21. Bb5 Ne8 22. Be3 Nc7 23. Bc4 Kf8 {[#]} ({Black should play} 23... Bf8 $14) 24. Nxc5 $1 $16 {[%mdl 512]} bxc5 25. Bxc5 Ke8 26. Bxd6 Rxd6 27. b4 Nd8 28. b5 (28. Red1 $16 Rxd1+ 29. Rxd1) 28... Rb6 $14 29. Red1 {Threatens to win with Ra7.} Bf6 (29... Bf8 $14) 30. Ra7 $36 {[%mdl 2048] White is on the roll.} Nxb5 $2 {[#]} (30... Nde6 $16 {was worth a try.} 31. Bxe6 Nxe6) 31. Ra6 $1 $18 {[%cal Ra6b6][%mdl 512]} Nxc3 (31... Rxa6 $142 32. Bxb5+ Rc6 33. Bxc6+ Nxc6) 32. Rxb6 Nxd1 33. Rxf6 {[%mdl 4096] Endgame KRB-KNN} Nc3 34. f3 Na4 35. Ra6 Nc5 36. Ra5 Ncb7 37. Rxe5+ Kd7 38. Rd5+ Ke7 39. e5 Ne6 40. Rb5 Nbd8 41. Bxe6 Nxe6 {KR-KN} 42. Kf2 Nd4 43. Rd5 Nf5 44. g4 Ng7 45. f4 {[%cal Bf3f4,Bf4f5,Bf5f6][%mdl 32]} Ne6 46. Ke3 g5 47. f5 Nf4 48. Rd6 h5 49. gxh5 {White mates.} Nxh5 50. f6+ Ke8 51. Rd4 {Precision: White = 70%, Black = 35%.} 1-0

[Event "5th Cesme Open 2017"]
[Site "Cesme"]
[Date "2017.06.15"]
[Round "6.16"]
[White "Yildiz, Betul Cemre"]
[Black "Uzuner, Tufan Can"]
[Result "1-0"]
[WhiteElo "2350"]
[BlackElo "1998"]
[Annotator "TA"]
[PlyCount "60"]
[EventType "swiss"]
[EventCountry "TUR"]
[SourceTitle "playchess.com"]
[Source "ChessBase"]
[SourceQuality "1"]

{[%evp 19,60,10,28,-22,-6,-43,-32,-44,-24,-42,-50,-72,-52,-77,-22,-27,-22,-60,-56,-68,-70,-60,-59,-64,-52,-134,304,286,412,412,594,26,17,16,45,53,40,16,156,146,234,232,724]} 1. e4 c6 2. d4 d5 3. e5 Bf5 4. Nf3 e6 5. Be2 Nd7 6. O-O h6 7. Nbd2 Ne7 {B12: Caro-Kann: Advance Variation} 8. Nb3 Qc7 9. Be3 (9. Bd2 g5 10. c4 a5 11. Rc1 dxc4 12. Bxc4 Bg7 13. Re1 O-O 14. h4 g4 {1-0 (39) Vachier Lagrave,M (2804)-Tomashevsky,E (2716) Doha 2016}) 9... g5 10. Ne1 Bg7 {LiveBook: 4 Games} 11. g4 $146 ({Predecessor:} 11. Nd3 b6 12. f4 c5 13. dxc5 gxf4 14. cxb6 axb6 15. Bxf4 {½-½ (42) Pirs,M (2550)-Goncharenko,G (2506) ICCF email 2012}) 11... Bg6 12. Ng2 O-O-O (12... f6 $5 {[%cal Rf6e5]}) 13. f4 Rdg8 14. Bd3 {[#] Strongly threatening f5.} Bxd3 15. cxd3 gxf4 16. Bxf4 Rh7 (16... h5 $17 17. Bg3 (17. gxh5 Qb6 $15) 17... Rf8) 17. Bg3 $11 Bf8 18. Rf4 Qb6 19. Kh1 {[#]} h5 $1 {[%mdl 512]} 20. Qf1 (20. gxh5 Nf5) 20... Rgg7 ({But not} 20... hxg4 21. Rxf7 Rgh8 22. Ne3 $11) 21. gxh5 $1 Rxh5 {Hoping for ...Rxg3.} 22. Nh4 ({White should try} 22. Rxf7 $15 Nf5 23. Rxg7 Bxg7 24. Qf3) 22... Ng6 $2 {[%mdl 8192]} (22... Rhh7 $17 {and life is bright.} 23. Qf2 Qb5) 23. Rxf7 $18 Nxh4 (23... Rhh7 $142 24. Rxg7 Rxg7 25. Nxg6 Rxg6) 24. Rxf8+ Kc7 (24... Nxf8 {was called for.} 25. Qxf8+ Qd8 26. Qxg7 Nf5) 25. Bxh4 $2 ({Better is} 25. Rf7 $18 Rgh7 26. Rxh7 Rxh7 27. Qh3) 25... Rxh4 $11 26. Rf7 Rhh7 27. Rxg7 Rxg7 28. Qh3 Qb4 (28... Qa6 $11 {keeps the balance.}) 29. Qxe6 $16 Re7 (29... Qf8 $16 30. Qh3 Qf2) 30. Qh6 Nb6 $2 {Precision: White = 43%, Black = 26%.} (30... Re8 31. Rg1 Kb6) 1-0

[Event "5th Cesme Open 2017"]
[Site "Cesme"]
[Date "2017.06.15"]
[Round "6.17"]
[White "Kilic, Efe Mert"]
[Black "Maden, Mirac Kerem"]
[Result "0-1"]
[WhiteElo "2331"]
[BlackElo "1879"]
[Annotator "TA"]
[PlyCount "75"]
[EventType "swiss"]
[EventCountry "TUR"]
[SourceTitle "playchess.com"]
[Source "ChessBase"]
[SourceQuality "1"]

{[%evp 16,75,0,0,10,-13,-9,-10,0,0,0,-20,-21,-30,0,0,0,-13,0,0,0,0,0,-62,29,27,50,44,46,50,56,36,41,12,22,-2,0,0,0,0,0,0,0,0,0,0,0,-289,-259,-228,-247,-246,-251,-29986,-29987,-29989,-977,-29994,-29991,-29992,-29993,-29994]} 1. e4 e5 2. Nc3 Nf6 3. g3 d5 4. exd5 Nxd5 5. Bg2 Nxc3 6. bxc3 Bd6 7. Rb1 c6 8. Nf3 O-O 9. O-O {LiveBook: 8 Games} Qc7 {C26: Vienna Game: 2...Nf6, sidelines} 10. Re1 (10. d4 Nd7 11. Re1 h6 12. Qd3 exd4 13. cxd4 Rd8 14. c4 c5 15. d5 Ne5 16. Nxe5 Bxe5 17. Bd2 {1-0 (52) Mamedov,R (2634)-Abasov,N (2461) Baku 2012}) 10... Be6 $146 ({Predecessor:} 10... Bg4 11. h3 Be6 12. a3 h6 13. d4 Nd7 14. Qe2 exd4 15. cxd4 Rfe8 16. Qd3 Nb6 17. Bd2 {1-0 (37) Molchanova,T (2297)-Aseeva,M (2125) St Petersburg 2005}) 11. a4 h6 {The position is equal.} 12. d4 {[%cal Rf3e5]} Nd7 13. Qd3 (13. c4 $5) 13... Rad8 14. Nd2 f5 15. Nc4 e4 16. Qe2 Bxc4 17. Qxc4+ Kh8 18. Qb3 b5 19. Bd2 (19. axb5 $11 cxb5 20. Ra1) 19... a6 ({Black should play} 19... Nb6 $1 $15) 20. c4 $11 {[%cal Bc3c4,Bc4b5,Bb5b6][%mdl 32]} c5 21. cxb5 cxd4 22. b6 Qc6 23. a5 Ne5 24. Rec1 Rfe8 25. Bf4 Nf3+ 26. Bxf3 $1 Bxf4 27. gxf4 {Black must now prevent Bh5.} exf3 28. Kh1 Re2 29. Rf1 Rxc2 30. Qf7 d3 $1 31. Qa7 $2 {[%mdl 8192]} (31. Rg1 $11 {and White stays safe.} Qc3 32. b7) 31... Qc5 32. Rg1 {[%csl Gg1][%cal Ra7g7]} Rg8 33. Rbf1 Rxf2 $40 {[%mdl 128] Black is out for blood.} 34. Rc1 $2 {[#]} (34. Qc7 $19 Qxc7 35. bxc7) 34... Rc2 35. Rcf1 d2 (35... f2 $142 36. Rg2 Rc1 37. Rgxf2 d2 38. Qc7 Qd5+ 39. Kg1 d1=Q 40. h3 {[#]} Q1d3 $1 {[%mdl 512]} 41. Qc3 Rxc3 42. Rf3 Q5xf3 43. Rxf3 Qxf3 44. h4 Rc1+ 45. Kh2 Rh1#) 36. Qxa6 Rc1 37. Qd3 f2 38. Rg2 {Precision: White = 46%, Black = 61%.} 0-1

[Event "5th Cesme Open 2017"]
[Site "Cesme"]
[Date "2017.06.15"]
[Round "6.18"]
[White "Ainutdinov, Alexander"]
[Black "Arman, Deniz"]
[Result "0-1"]
[WhiteElo "2007"]
[BlackElo "2324"]
[Annotator "TA"]
[PlyCount "92"]
[EventType "swiss"]
[EventCountry "TUR"]
[SourceTitle "playchess.com"]
[Source "ChessBase"]
[SourceQuality "1"]

{[%evp 19,92,-14,-22,-33,-22,-11,-1,-86,-79,-87,-72,-77,-71,-91,-29,-45,-35,-117,-109,-109,-108,-115,-114,-122,-89,-137,-131,-116,-101,-101,-99,-94,-98,-93,-92,-102,-98,-131,-136,-134,-134,-107,-118,-126,53,35,27,0,208,210,129,0,10,8,42,0,0,-11,-10,-24,-24,-115,-12,-62,-8,-289,-227,-607,-605,-605,-594,-759,-728,-1192,-747]} 1. e4 c5 2. Nf3 d6 3. d4 cxd4 4. Nxd4 Nf6 5. Nc3 a6 6. Be3 e6 7. Be2 Qc7 8. O-O b5 9. a3 Bb7 10. Bd3 Nbd7 11. f4 {B84: Sicilian Scheveningen: 6 Be2 a6, lines without early Be3} Nc5 {[%cal Rf6e4]} 12. Qf3 g6 13. f5 $146 (13. Rad1 $11) ({Predecessor:} 13. Rae1 Bg7 14. Kh1 O-O 15. Bg1 Rae8 16. Qh3 e5 17. fxe5 dxe5 18. Nb3 Ne6 {0-1 (47) Lecomte,R (2317)-Bogner,S (2557) Hoogeveen 2015}) 13... gxf5 14. Nxf5 exf5 ({Not} 14... Nxd3 15. cxd3 exf5 16. Qxf5 $16) 15. Bd4 Ncd7 ({Don't blunder} 15... Nfxe4 $2 16. Qxf5 Qd7 17. Bxe4 $18) (15... Nxd3 $6 16. Bxf6 Ne5 17. Qg3 $11) 16. Qxf5 Bg7 (16... Be7 $17 17. Nd5 Bxd5 18. exd5 Ne5) 17. Qg5 Kf8 18. Rxf6 (18. Bxf6 $15 Nxf6 19. Rxf6) 18... Nxf6 $17 (18... Bxf6 $6 19. Bxf6 Nxf6 20. Qxf6 $11) 19. Bxf6 Qc5+ $1 20. Qxc5 dxc5 21. Rf1 Rg8 22. Nd5 {Black should prevent Be7+.} Bxd5 23. exd5 Bxf6 24. Rxf6 {[%mdl 4096] Endgame KRR-KRB} Rg5 25. c4 Kg7 26. Rc6 Re8 27. Rxc5 Re3 $1 {[%cal Re3d3]} 28. Bf1 Re1 29. Kf2 Rb1 30. Bd3 Rxb2+ 31. Ke3 Rgxg2 $2 (31... Rb3 $17 {aiming for ...bxc4.} 32. cxb5 axb5) 32. d6 $1 $14 {[%cal Rd6d7] And now d7 would win.} Kf6 $1 ({But not} 32... Rxh2 $2 33. d7 $18) 33. cxb5 (33. Rc8 $5 {[%cal Rd6d7]} Ke6 34. c5 $14) 33... a5 $2 (33... axb5 $11 34. d7 Ke7 35. Bxb5 Rb3+ 36. Ke4 Rg4+ 37. Kf5 Rg6) 34. Rd5 $18 Rg8 {[#]} 35. Bxh7 (35. Kd4 $1 $16) 35... Rb3+ 36. Kd4 Rd8 37. Bd3 a4 38. h4 Rxa3 39. h5 Ra1 {Threatens to win with ...a3.} 40. h6 {[#]} (40. Kc5 $11 {keeps the balance.}) 40... Rh1 ({Better is} 40... a3 $1 $17 {[%cal Ra3a2]} 41. h7 Rh1) 41. b6 Rxh6 (41... a3 $15 42. Bc4 Rb1) 42. d7 $2 {[%mdl 8192]} (42. b7 $11 {and White stays safe.}) 42... Ke7 $19 43. Bb5 $2 (43. Kc5 Rxd7 44. Rxd7+ Kxd7 45. Bb5+ Kc8 46. Bxa4) 43... Rxb6 {Black is clearly winning.} 44. Re5+ Re6 {...Rxe5 is the strong threat.} 45. Rf5 a3 46. Kc3 Rb6 {Precision: White = 29%, Black = 52%.} 0-1

[Event "5th Cesme Open 2017"]
[Site "Cesme"]
[Date "2017.06.15"]
[Round "6.19"]
[White "Ozsakallioglu, Okan"]
[Black "Tuncer, Tuna"]
[Result "1/2-1/2"]
[WhiteElo "1925"]
[BlackElo "2302"]
[Annotator "ChessBase"]
[PlyCount "83"]
[EventType "swiss"]
[EventCountry "TUR"]
[SourceTitle "playchess.com"]
[Source "ChessBase"]
[SourceQuality "1"]
[TimeControl "5400+30"]

1. e4 c5 2. Nf3 Nc6 3. d4 cxd4 4. Nxd4 {[%emt 0:01:00]} Nf6 {[%emt 0:01:30]} 5. f3 {[%emt 0:01:30]} e5 {[%emt 0:04:30]} 6. Nb3 {[%emt 0:03:30]} d6 {[%emt 0:05:30]} 7. Be3 {[%emt 0:00:30]} Be6 {[%emt 0:00:30]} 8. c4 {[%emt 0:00:30]} Be7 {[%emt 0:01:30]} 9. Nc3 {[%emt 0:00:30]} O-O {[%emt 0:01:30]} 10. Be2 {[%emt 0:02:30]} Nh5 {[%emt 0:08:30]} 11. Qd2 {[%emt 0:04:30]} Rc8 {[%emt 0:07:30]} 12. Nd5 {[%emt 0:00:30]} h6 {[%emt 0:04:30]} 13. Nxe7+ {[%emt 0:05:30]} Qxe7 {[%emt 0:02:30]} 14. O-O {[%emt 0:00:30]} Rfd8 {[%emt 0:11:30]} 15. g3 {[%emt 0:03:30]} Nf6 {[%emt 0:07:30]} 16. Rfd1 {[%emt 0:00:30]} Rd7 {[%emt 0:01:30]} 17. Rac1 {[%emt 0:00:30]} Rf8 {[%emt 0:01:30]} 18. Na5 {[%emt 0:00:30]} Nh7 {[%emt 0:03:30]} 19. b4 {[%emt 0:10:30]} f5 {[%emt 0:05:30]} 20. exf5 {[%emt 0:04:30]} Rxf5 {[%emt 0:00:30]} 21. Nxc6 {[%emt 0:00:30]} bxc6 {[%emt 0:00:30]} 22. b5 {[%emt 0:00:30]} c5 {[%emt 0:08:30]} 23. Rc3 {[%emt 0:02:30]} Kh8 {[%emt 0:03:30]} 24. a4 {[%emt 0:02:30]} Rf8 {[%emt 0:01:47]} 25. a5 {[%emt 0:01:30]} e4 {[%emt 0:00:57]} 26. f4 {[%emt 0:01:30]} Nf6 {[%emt 0:00:47]} 27. Qc2 {[%emt 0:01:30]} Bf5 {[%emt 0:02:53]} 28. b6 {[%emt 0:00:30]} axb6 {[%emt 0:00:49]} 29. axb6 {[%emt 0:00:00]} Rb8 {[%emt 0:00:16]} 30. Rb3 {[%emt 0:01:00]} Rdb7 {[%emt 0:01:32]} 31. Rdb1 {[%emt 0:00:30]} Nd7 {[%emt 0:02:46]} 32. g4 {[%emt 0:00:30]} Bg6 {[%emt 0:01:16]} 33. f5 {[%emt 0:00:30]} Bf7 {[%emt 0:00:03]} 34. Bf4 {[%emt 0:00:30]} Kg8 {[%emt 0:04:17]} 35. Qd2 {[%emt 0:01:30]} Ne5 {[%emt 0:00:16]} 36. Qc2 {[%emt 0:01:30]} Nd7 {[%emt 0:03:41]} 37. Re3 {[%emt 0:00:30]} Nf6 {[%emt 0:00:19]} 38. g5 {[%emt 0:02:30]} hxg5 {[%emt 0:00:09]} 39. Bxg5 {[%emt 0:00:00]} Rxb6 {[%emt 0:00:27]} 40. Rxb6 {[%emt 0:00:00]} Rxb6 {[%emt 0:00:01]} 41. Bxf6 {[%emt 0:00:30]} Qxf6 {[%emt 0:00:02]} 42. Qxe4 {[%emt 0:00:00]} 1/2-1/2

[Event "5th Cesme Open 2017"]
[Site "Cesme"]
[Date "2017.06.15"]
[Round "6.20"]
[White "Kocak, Can"]
[Black "Rzayev, Askar Aliakbar"]
[Result "0-1"]
[WhiteElo "1930"]
[BlackElo "2082"]
[Annotator "NA"]
[PlyCount "94"]
[EventType "swiss"]
[EventCountry "TUR"]
[SourceTitle "playchess.com"]
[Source "ChessBase"]
[SourceQuality "1"]
[TimeControl "5400+30"]

{[%evp 13,94,5,7,-10,-11,-12,32767,8,6,0,-6,0,14,18,35,19,70,-2,37,-19,-15,-22,-25,-26,-33,-41,-32,-5,-8,-25,-10,-126,-121,-120,-111,-133,-45,-50,-52,-62,-21,-63,-69,-87,-69,-146,-132,-124,-124,-147,-135,-137,-142,-182,-180,-155,-214,-189,-211,-186,-153,-175,-173,-189,-113,-131,-139,-149,-170,-119,-161,-189,-159,-472,-244,-256,-217,-200,-287,-244,-76,-12845,-12846]} 1. e4 c5 2. Nc3 Nc6 3. g3 g6 4. Bg2 Bg7 5. d3 d6 6. Be3 Rb8 {[%emt 0:01:30]} 7. Nge2 {[%emt 0:01:30]} Nd4 {[%emt 0:00:30] LiveBook: 25 Games} 8. Qd2 {[%emt 0:00:00] B26: Closed Sicilian: 3 g3, lines with early Be3} (8. O-O e6 9. Qd2 Ne7 10. Rab1 Nec6 11. a3 O-O 12. b4 cxb4 13. axb4 b5 14. Nxd4 Nxd4 15. Ne2 Nxe2+ 16. Qxe2 a5 17. bxa5 Qxa5 {½-½ (36) Roy Chowdhury,S (2444)-Solodovnichenko,Y (2571) New Delhi 2009}) 8... Bg4 {[%emt 0:00:30]} 9. Ng1 {[%emt 0:05:00]} Qb6 $146 {[%emt 0:01:30]} ({Predecessor:} 9... b5 10. h3 Bd7 11. Nd1 b4 12. c3 bxc3 13. bxc3 Nc6 14. Ne2 Qc8 {0-1 (30) Kulhanek,T (2346)-Plat,V (2445) Nachod 2013}) 10. Rb1 {[%emt 0:03:30]} Qa5 {[%emt 0:02:30]} 11. h3 {[%emt 0:00:30]} Bd7 {[%emt 0:00:30]} 12. Nge2 {[%emt 0:12:30]} b5 {[%emt 0:06:30]} 13. a3 {[%emt 0:01:30]} h5 {[%emt 0:05:30]} 14. f4 {[%emt 0:03:30]} e6 {[%emt 0:02:30]} ({Black should play} 14... Rc8 $11) 15. O-O {[%emt 0:02:30]} (15. b4 $5 {[%cal Rb4a5]} Qxa3 {[#]} 16. e5 $1 {[%mdl 512]} dxe5 17. fxe5 Bxe5 18. Ne4 Nxe2 19. Kxe2 $14) 15... Ne7 {[%emt 0:00:30]} 16. Rbe1 {[%emt 0:11:30]} (16. b4 $14 Qc7 17. bxc5 Qxc5 18. Kh2) 16... b4 {[%emt 0:04:30]} 17. axb4 {[%emt 0:16:30]} Qxb4 {[%emt 0:00:30]} 18. b3 {[%emt 0:01:30]} a5 {[%emt 0:01:30]} 19. Kh1 {[%emt 0:04:30]} Nxe2 {[%emt 0:01:30]} 20. Nxe2 {[%emt 0:00:30]} Qxd2 {[%emt 0:00:30]} 21. Bxd2 {[%emt 0:00:00]} a4 {[%emt 0:00:00]} 22. Bc3 {[%emt 0:10:00]} (22. bxa4 $11 Rb2 23. Bc3 Bxc3 24. Nxc3) 22... Bxc3 {[%emt 0:01:00]} 23. Nxc3 {[%emt 0:00:00]} axb3 {[%emt 0:00:00]} 24. Rb1 {[%emt 0:00:00]} b2 {[%emt 0:01:00]} ({Better is} 24... Nc6 $17 25. Rxb3 Rxb3 26. cxb3 h4) 25. Nd1 {[%emt 0:00:00]} Nc6 {[%emt 0:00:30]} 26. Nxb2 {[%emt 0:01:00]} Nd4 {[%emt 0:00:30]} 27. Nc4 {[%emt 0:00:30]} Ke7 {[%emt 0:00:00]} 28. Ne3 {[%emt 0:04:30]} Ba4 {[%emt 0:02:00]} 29. Ra1 {[%emt 0:12:15]} (29. Rfc1 $15) 29... Nxc2 {[%emt 0:05:30]} 30. Nxc2 {[%emt 0:00:29]} Bxc2 {[%emt 0:00:00]} 31. Ra7+ {[%emt 0:00:07]} Kf6 {[%emt 0:00:00]} 32. e5+ {[%emt 0:02:42]} dxe5 {[%emt 0:01:30]} 33. fxe5+ {[%emt 0:00:04]} Kxe5 {[%emt 0:00:30]} 34. Raxf7 {[%emt 0:00:07]} Rb1 {[%emt 0:00:30]} 35. Rxb1 {[%emt 0:05:48]} Bxb1 {[%emt 0:00:30]} 36. Rc7 {[%emt 0:00:06]} Bxd3 {[%emt 0:01:30]} 37. Rxc5+ {[%emt 0:00:02]} Kd4 {[%emt 0:00:30]} 38. Rc6 {[%emt 0:00:19]} Bf5 {[%emt 0:00:30]} 39. Kg1 {[%emt 0:00:35]} Rb8 {[%emt 0:00:00]} 40. Rd6+ {[%emt 0:00:21] [#]} Ke3 $1 {[%emt 0:00:00]} 41. Ra6 {[%emt 0:01:51]} Rb1+ {[%emt 0:01:30]} 42. Kh2 {[%emt 0:00:02]} Rb2 {[%emt 0:00:30]} 43. Ra4 $2 {[%emt 0:00:37]} (43. Kg1 {is a better chance.}) 43... e5 {[%emt 0:02:30]} 44. g4 {[%emt 0:00:53]} hxg4 {[%emt 0:00:30]} 45. hxg4 {[%emt 0:00:01]} Bc2 {[%emt 0:00:30]} 46. Ra3+ {[%emt 0:02:42]} Kf4 $2 {[%emt 0:00:30]} (46... Kd2 $19 {is more deadly.} 47. Rf3 e4 48. Rf2+ Ke1 49. Rf1+ Ke2) 47. Ra5 $19 {[%emt 0:01:45]} (47. Rf3+ $11 Kg5 48. Rf2) 47... Be4 {[%emt 0:00:00]} 0-1

[Event "5th Cesme Open 2017"]
[Site "Cesme"]
[Date "2017.06.15"]
[Round "6.21"]
[White "Barik, Ertunc Bahadir"]
[Black "Ersoy, Bora"]
[Result "1-0"]
[WhiteElo "1538"]
[BlackElo "1675"]
[Annotator "NA RC"]
[PlyCount "119"]
[EventType "swiss"]
[EventCountry "TUR"]
[SourceTitle "playchess.com"]
[Source "ChessBase"]
[SourceQuality "1"]
[TimeControl "5400+30"]

1. c4 {[%emt 1:30:30]} e6 {[%emt 1:31:00]} 2. Nc3 {[%emt 0:00:00]} d5 {[%emt 0:00:00]} 3. d4 {[%emt 0:00:00]} Nf6 {[%emt 0:00:00]} 4. Bg5 {[%emt 0:00:00]} Be7 {[%emt 0:00:00]} 5. Nf3 {[%emt 0:00:00]} O-O {[%emt 0:00:00]} 6. e3 {[%emt 0:00:00]} b6 {[%emt 0:00:00]} 7. cxd5 {[%emt 0:00:00]} Nxd5 {[%emt 0:00:00]} 8. Bxe7 {[%emt 0:00:00]} Qxe7 {[%emt 0:00:00]} 9. Nxd5 {[%emt 0:00:00]} exd5 {[%emt 0:00:00]} 10. Be2 {[%emt 0:00:00]} Bb7 {[%emt 0:00:00]} 11. Rc1 {[%emt 0:00:00]} c6 {[%emt 0:00:00]} 12. Qa4 {[%emt 0:00:00]} Nd7 {[%emt 0:00:00]} 13. O-O {[%emt 0:00:00]} Rfc8 {[%emt 0:00:00]} 14. Ba6 {[%emt 0:00:00]} b5 {[%emt 0:00:00]} 15. Qa5 {[%emt 0:00:00]} Rab8 {[%emt 0:00:00]} 16. Bxb7 {[%emt 0:00:00]} Rxb7 {[%emt 0:00:00]} 17. Qa6 {[%emt 0:00:00]} Nb6 {[%emt 0:00:00]} 18. b3 {[%emt 0:00:00]} Rbc7 {[%emt 0:00:00]} 19. Qa5 {[%emt 0:00:00]} Qd6 {[%emt 0:00:00]} 20. a3 {[%emt 0:00:00]} f6 {[%emt 0:00:00]} 21. Qb4 {[%emt 0:00:00]} Qxb4 {[%emt 0:00:00]} 22. axb4 {[%emt 0:00:00]} Re7 {[%emt 0:00:00]} 23. Rc2 {[%emt 0:00:00]} Kf7 {[%emt 0:00:00]} 24. Rfc1 {[%emt 0:00:00]} Rec7 {[%emt 0:00:00]} 25. Ra1 {[%emt 0:00:00]} Ke7 {[%emt 0:00:00]} 26. Ne1 {[%emt 0:00:00]} Kd6 {[%emt 0:00:00]} 27. Nd3 {[%emt 0:00:00]} Nd7 {[%emt 0:00:00]} 28. Nc5 {[%emt 0:00:00]} Nxc5 {[%emt 0:00:00]} 29. bxc5+ {[%emt 0:00:00]} Ke6 {[%emt 0:00:00]} 30. b4 {[%emt 0:00:00]} Rb8 {[%emt 0:00:00]} 31. f3 {[%emt 0:00:00]} Rd8 {[%emt 0:00:00]} 32. Kf2 {[%emt 0:00:00]} h5 {[%emt 0:00:00]} 33. Rd2 {[%emt 0:00:00]} Kf5 {[%emt 0:00:00]} 34. g3 {[%emt 0:00:00]} g5 {[%emt 0:00:00]} 35. h3 {[%emt 0:00:00]} Re8 {[%emt 0:03:19]} 36. Re2 {[%emt 0:00:00]} g4 {[%emt 0:04:21]} 37. hxg4+ {[%emt 0:00:00]} hxg4 {[%emt 0:00:01]} 38. Rh1 {[%emt 0:00:00]} gxf3 {[%emt 0:01:02]} 39. Kxf3 {[%emt 0:00:00]} Rce7 {[%emt 0:00:30]} 40. Rh4 {[%emt 0:00:00]} Re4 {[%emt 0:05:35]} 41. Rh7 {[%emt 0:00:00]} R4e7 {[%emt 0:01:12]} 42. Rxe7 {[%emt 0:00:00]} Rxe7 {[%emt 0:00:00]} 43. g4+ {[%emt 0:00:00]} Ke6 {[%emt 0:02:32]} 44. Ra2 {[%emt 0:00:00]} Kf7 {[%emt 0:00:30]} 45. Ra6 {[%emt 0:00:00]} Rc7 {[%emt 0:00:00]} 46. e4 {[%emt 0:00:00]} dxe4+ {[%emt 0:01:34]} 47. Kxe4 {[%emt 0:00:00]} Re7+ {[%emt 0:00:29]} 48. Kf5 {[%emt 0:00:00]} Rc7 {[%emt 0:00:21]} 49. d5 {[%emt 0:00:00]} cxd5 {[%emt 0:00:09]} 50. Rxf6+ {[%emt 0:00:00]} Kg7 {[%emt 0:00:20]} 51. Rd6 {[%emt 0:00:00]} a5 {[%emt 0:00:15]} 52. c6 {[%emt 0:00:00]} Kg8 {[%emt 0:02:00]} 53. bxa5 {[%emt 0:00:00]} b4 {[%emt 0:00:21]} 54. Rd8+ {[%emt 0:00:00]} Kf7 {[%emt 0:00:17]} 55. Rd7+ {[%emt 0:00:00]} Rxd7 {[%emt 0:00:14]} 56. cxd7 {[%emt 0:00:00]} Ke7 {[%emt 0:00:07]} 57. a6 {[%emt 0:00:00]} b3 {[%emt 0:00:20]} 58. a7 {[%emt 0:00:00]} b2 {[%emt 0:00:04]} 59. d8=Q+ {[%emt 0:00:00]} Kxd8 {[%emt 0:00:12]} 60. a8=Q+ {[%emt 0:00:00]} 1-0